Same first 3 letter capitals Quiz Stats

 Plays Quiz not verified by Sporcle

Challenge
Share
Tweet
Embed
Score 0/16 Timer 03:00
0 Plays Today
Hint Answer % Correct
AbuAbu Dhabi
100%
MonMonaco
100%
PraPrague
100%
VieVienna
100%
BanBandar Seri Begawan
97.4%
BerBerlin
97.4%
BisBishkek
97.4%
BraBrasilia
97.4%
Hint Answer % Correct
KinKingston
97.4%
ParParamaribo
97.4%
SanSan Jose
97.4%
BeiBeijing
94.7%
ManManagua
94.7%
PorPort Louis
94.7%
BelBelgrade
92.1%
ValValletta
92.1%

You're not logged in!

Compare scores with friends on all Sporcle quizzes.
OR
Log In

You Might Also Like...

Show Comments

Extras

Created Dec 2, 2016ReportNominate
Tags:Capital Quiz, Letter Quiz, same

Top Quizzes Today


Score Distribution

Your Account Isn't Verified!

In order to create a playlist on Sporcle, you need to verify the email address you used during registration. Go to your Sporcle Settings to finish the process.

Report this User

Report this user for behavior that violates our Community Guidelines.

Details: